000 00664nam a2200253Ia 4500
003 OSt
005 20221005115650.0
006 a|||||r|||| 00| 0
007 ta
008 221004b |||||||| |||| 00| 0 eng d
024 _a64343
037 _cTextual
040 _aCRL
_cCRL
_beng
041 _2eng
_aeng
082 _aW691, M6
100 _aTurner Byran S
_9627958
245 0 _aCitizenship and capitalism
_b The debate over reformism
260 _c1986
300 _a160p.
_ccm.
490 _aControversies in Sociology, 21
650 _aPOLITICAL SCIENCE
942 _hW691, M6
_cTEXL
_2cc
999 _c1035551
_d1035551